000 00806nam a2200229Ii 4500
003 JO-AjNU
008 230605s9999||||xx |||||||||||||| ||und||
017 _a1998/7/1137
020 _a9957-07-007-X
040 _aJO-AjNU
_bara
_erda
_cJO-AjNU
041 _aara
050 1 4 _aLC4015.K42 2009
100 3 _aالخطيب،جمال مؤلف/الحديدي،منى م.مشارك,
_eauthor
_925912
245 0 0 _aالتدخل المبكر: التربية الخاصة في الطفولة المبكرة
250 _aط4
264 3 1 _aعمان:دار الفكر،2009
300 _a336ص
_bقاموس:ص(315-336)
336 _atext
_btxt
_2rdacontent
337 _aunmediated
_bn
_2rdamedia
338 _avolume
_bnc
_2rdacarrier
650 4 _aالأطفال المعوقون-رعاية-تعليم
_925913
999 _aA9753
_c13321
_d13321